[Event "European Blitz Championship 2021"]
[Site "Katowice"]
[Date "2021.12.17"]
[Round "19"]
[White "Budzisz, Adrian"]
[Black "Dudzinski, Pawel"]
[Result "1-0"]
[WhiteElo "1985"]
[BlackElo "2193"]
[Annotator "NA"]
[PlyCount "57"]
[EventDate "2021.12.17"]
[EventType "swiss"]
[EventCountry "POL"]
[SourceTitle "playchess.com"]
[Source "ChessBase"]
[SourceQuality "1"]

1. e4 c6 2. d4 d5 3. exd5 cxd5 4. Bd3 Nc6 5. c3 g6 6. Nf3 Bf5 7. O-O Bxd3 8.
Qxd3 Nf6 9. Re1 Bg7 10. b4 O-O 11. a4 Rc8 12. a5 Ne4 13. Bb2 a6 14. Nbd2 Nxd2
15. Qxd2 Na7 16. Ne5 Bxe5 17. dxe5 e6 18. Bc1 Nb5 19. Qh6 f5 20. Bg5 Qd7 21.
Bf6 Rxc3 22. h4 Rfc8 23. Rad1 R8c4 24. Rxd5 exd5 25. e6 Rc1 26. exd7 Rxe1+ 27.
Kh2 Kf7 28. Qg7+ Ke6 29. Qe7# 1-0

[Event "European Blitz Championship 2021"]
[Site "Katowice"]
[Date "2021.12.17"]
[Round "19"]
[White "Kutowski, Marcel"]
[Black "Bogdanov, Ignat"]
[Result "*"]
[WhiteElo "1936"]
[BlackElo "2116"]
[Annotator "NA"]
[PlyCount "68"]
[EventDate "2021.12.17"]
[EventType "swiss"]
[EventCountry "POL"]
[SourceTitle "playchess.com"]
[Source "ChessBase"]
[SourceQuality "1"]

1. e4 e6 2. d4 d5 3. Nd2 dxe4 4. Nxe4 Nf6 5. Bg5 Be7 6. Bxf6 gxf6 7. Nf3 f5 8.
Ned2 c5 9. c3 cxd4 10. Nxd4 Nc6 11. N2f3 Nxd4 12. Qxd4 Qxd4 13. Nxd4 Bd7 14.
O-O-O O-O-O 15. Bb5 Bxb5 16. Nxb5 a6 17. Nd4 Bc5 18. Nf3 Bxf2 19. Ne5 f6 20.
Nf7 Rxd1+ 21. Rxd1 Rf8 22. Nd6+ Kc7 23. Nc4 b5 24. Na5 Bb6 25. Nb3 f4 26. Kc2
Rg8 27. Rd2 Be3 28. Re2 e5 29. a4 bxa4 30. Na5 f5 31. Nc4 e4 32. g3 h5 33. Nxe3
fxe3 34. Rxe3 h4 *

[Event "European Blitz Championship 2021"]
[Site "Katowice"]
[Date "2021.12.17"]
[Round "19"]
[White "Malek, Jan"]
[Black "Sharankov, Grigory"]
[Result "0-1"]
[WhiteElo "1838"]
[BlackElo "2238"]
[Annotator "NA"]
[PlyCount "84"]
[EventDate "2021.12.17"]
[EventType "swiss"]
[EventCountry "POL"]
[SourceTitle "playchess.com"]
[Source "ChessBase"]
[SourceQuality "1"]

1. e4 e6 2. d4 d5 3. Nc3 Nc6 4. Nf3 Nf6 5. exd5 exd5 6. Bb5 Be7 7. O-O O-O 8.
Bf4 Bg4 9. Bxc6 bxc6 10. h3 Bxf3 11. Qxf3 Rb8 12. Rab1 Rb4 13. Rfd1 Qb8 14. a3
Rxb2 15. Bxc7 Qb7 16. Be5 Nd7 17. Bg3 Bxa3 18. Qd3 Rxb1 19. Rxb1 Qc8 20. Ra1
Bb2 21. Rxa7 Nf6 22. Na4 Bc1 23. Qd1 Bh6 24. Nc5 Ne4 25. Nxe4 dxe4 26. Qe2 Qf5
27. Rc7 Qd5 28. Be5 f6 29. c4 Qd8 30. Bg3 Qxd4 31. Rxc6 f5 32. Bd6 Rd8 33. c5
Qd3 34. Qa2+ Kh8 35. Ra6 e3 36. fxe3 Bxe3+ 37. Kh2 Qd1 38. Ra8 Bg1+ 39. Kg3
Qe1+ 40. Kf4 Qe4+ 41. Kg5 Be3+ 42. Kh5 g6# 0-1

[Event "European Blitz Championship 2021"]
[Site "Katowice"]
[Date "2021.12.17"]
[Round "19"]
[White "Zychowski, Marek"]
[Black "Rigopoulos-Tsigkos, Alexandros"]
[Result "0-1"]
[WhiteElo "1838"]
[BlackElo "2152"]
[Annotator "NA"]
[PlyCount "109"]
[EventDate "2021.12.17"]
[EventType "swiss"]
[EventCountry "POL"]
[SourceTitle "playchess.com"]
[Source "ChessBase"]
[SourceQuality "1"]

1. e4 c5 2. Nf3 e6 3. c3 d5 4. exd5 Qxd5 5. d4 Nf6 6. Be2 Nc6 7. O-O Be7 8. h3
O-O 9. Be3 cxd4 10. cxd4 b6 11. Nc3 Qd6 12. Nb5 Qd8 13. Rc1 Bb7 14. a3 a6 15.
Nc3 Rc8 16. Qd2 b5 17. b4 Nd5 18. Rfd1 Qd6 19. Ne4 Qd7 20. Nc5 Bxc5 21. dxc5
Qc7 22. Nh2 Nxe3 23. Qxe3 Ne7 24. Bd3 Qc6 25. Qg3 Ng6 26. Bxg6 hxg6 27. Rd6 Qe4
28. Rcd1 Bd5 29. Ng4 Qc2 30. Ne3 Qb3 31. Qg4 Qxa3 32. Nxd5 exd5 33. R1xd5 a5
34. bxa5 Qxa5 35. c6 Qe1+ 36. Kh2 Qxf2 37. Rxb5 Qf1 38. Rbd5 Qc1 39. Rd1 Qc3
40. Qe4 Rfe8 41. Qf3 Qe5+ 42. Kh1 Qc5 43. Rd7 Rf8 44. R7d6 Rc7 45. R1d5 Qc1+
46. Rd1 Qc5 47. R1d5 Qc1+ 48. Rd1 Qb2 49. Rd7 Rcc8 50. c7 Qb6 51. Qf4 Qb3 52.
Rf1 Qe6 53. Qd4 Qc6 54. Qe5 Qa6 55. Qf4 0-1

[Event "European Blitz Championship 2021"]
[Site "Katowice"]
[Date "2021.12.17"]
[Round "19"]
[White "Grochol, Kamil"]
[Black "Zylka, Stanislaw"]
[Result "1-0"]
[WhiteElo "1785"]
[BlackElo "2143"]
[Annotator "NA"]
[PlyCount "59"]
[EventDate "2021.12.17"]
[EventType "swiss"]
[EventCountry "POL"]
[SourceTitle "playchess.com"]
[Source "ChessBase"]
[SourceQuality "1"]

1. d4 Nf6 2. Bf4 c5 3. c3 e6 4. e3 b6 5. Nf3 Bb7 6. Nbd2 Be7 7. Bd3 d5 8. Ne5
O-O 9. Bg5 Nbd7 10. f4 Ne4 11. Bxe7 Qxe7 12. O-O Rad8 13. Qc2 Nxd2 14. Qxd2 f6
15. Nxd7 Rxd7 16. Qc2 g6 17. Rae1 e5 18. fxe5 fxe5 19. Rxf8+ Kxf8 20. Rf1+ Kg7
21. Qf2 cxd4 22. exd4 e4 23. Be2 Rd6 24. Qg3 Bc8 25. h3 Bd7 26. Qf4 b5 27. a3
a5 28. b4 axb4 29. axb4 Ra6 30. Qf2 1-0

[Event "European Blitz Championship 2021"]
[Site "Katowice"]
[Date "2021.12.17"]
[Round "20"]
[White "Bernadskiy, Vitaliy"]
[Black "Durarbayli, Vasif"]
[Result "*"]
[WhiteElo "2592"]
[BlackElo "2629"]
[Annotator "RC"]
[PlyCount "33"]
[EventDate "2021.12.17"]
[EventType "swiss"]
[EventCountry "POL"]
[SourceTitle "playchess.com"]
[Source "ChessBase"]
[SourceQuality "1"]

1. e4 c5 2. Nc3 a6 3. d4 cxd4 4. Qxd4 Nc6 5. Qe3 g6 6. Nf3 Bh6 7. Qe2 Bg7 8.
Nd5 Nf6 9. c3 O-O 10. h4 d6 11. Nxf6+ exf6 12. h5 Re8 13. hxg6 hxg6 14. Bf4 d5
15. O-O-O Qa5 16. Qd2 Qxa2 17. Bh6 *

[Event "European Blitz Championship 2021"]
[Site "Katowice"]
[Date "2021.12.17"]
[Round "20"]
[White "Laurusas, Tomas"]
[Black "Budrewicz, Krzysztof"]
[Result "*"]
[WhiteElo "2553"]
[BlackElo "2183"]
[Annotator "ChessBase"]
[PlyCount "43"]
[EventDate "2021.12.17"]
[EventType "swiss"]
[EventCountry "POL"]
[SourceTitle "playchess.com"]
[Source "ChessBase"]
[SourceQuality "1"]

1. h3 e5 2. a3 d5 3. b3 Nf6 4. Bb2 Bd6 5. g3 O-O 6. Bg2 e4 7. e3 Nc6 8. d4 Ne7
9. Ne2 a5 10. a4 c6 11. Ba3 Nf5 12. c4 Be6 13. Qc2 h5 14. Nd2 Bxa3 15. Rxa3 Qe7
16. Ra1 g6 17. c5 Qd7 18. Nf4 g5 19. Ne2 h4 20. g4 Ne7 21. f4 exf3 22. Bxf3 *

[Event "European Blitz Championship 2021"]
[Site "Katowice"]
[Date "2021.12.17"]
[Round "20"]
[White "Teclaf, Pawel"]
[Black "Demchenko, Anton"]
[Result "*"]
[WhiteElo "2543"]
[BlackElo "2655"]
[Annotator "RC"]
[PlyCount "24"]
[EventDate "2021.12.17"]
[EventType "swiss"]
[EventCountry "POL"]
[SourceTitle "playchess.com"]
[Source "ChessBase"]
[SourceQuality "1"]

1. e4 e5 2. Nf3 Nc6 3. Nc3 Nf6 4. d4 exd4 5. Nxd4 Bc5 6. Be3 Bb6 7. Be2 O-O 8.
Qd3 Re8 9. O-O d6 10. Nxc6 bxc6 11. Rad1 Qe7 12. Rfe1 Rb8 *

[Event "European Blitz Championship 2021"]
[Site "Katowice"]
[Date "2021.12.17"]
[Round "20"]
[White "Vetoshko, Volodymyr"]
[Black "Motylev, Alexander"]
[Result "*"]
[WhiteElo "2525"]
[BlackElo "2633"]
[Annotator "RC"]
[PlyCount "39"]
[EventDate "2021.12.17"]
[EventType "swiss"]
[EventCountry "POL"]
[SourceTitle "playchess.com"]
[Source "ChessBase"]
[SourceQuality "1"]

1. e4 c6 2. d4 d5 3. e5 c5 4. dxc5 e6 5. a3 Bxc5 6. Nf3 Ne7 7. b4 Bb6 8. Bd3
Nd7 9. O-O Ng6 10. Bb2 O-O 11. c4 Bc7 12. cxd5 exd5 13. Qc2 Re8 14. Re1 Ndxe5
15. Nxe5 Nxe5 16. Bxh7+ Kh8 17. Nd2 Bd7 18. Bf5 Rc8 19. Bxd7 Qxd7 20. Qb3 *

[Event "European Blitz Championship 2021"]
[Site "Katowice"]
[Date "2021.12.17"]
[Round "20"]
[White "Stefansson, Hannes"]
[Black "Karpus, Michal"]
[Result "*"]
[WhiteElo "2519"]
[BlackElo "2129"]
[Annotator "ChessBase"]
[PlyCount "34"]
[EventDate "2021.12.17"]
[EventType "swiss"]
[EventCountry "POL"]
[SourceTitle "playchess.com"]
[Source "ChessBase"]
[SourceQuality "1"]

1. e4 e5 2. Nf3 Nc6 3. Bb5 a6 4. Ba4 Nf6 5. O-O Be7 6. Re1 b5 7. Bb3 d6 8. c3
O-O 9. h3 Na5 10. Bc2 c5 11. d4 Nd7 12. Nbd2 exd4 13. cxd4 Nc6 14. a4 Bb7 15.
d5 Nb4 16. Bb1 Bf6 17. Ra3 c4 *

[Event "European Blitz Championship 2021"]
[Site "Katowice"]
[Date "2021.12.17"]
[Round "20"]
[White "Janik, Igor"]
[Black "Balog, Imre"]
[Result "*"]
[WhiteElo "2508"]
[BlackElo "2573"]
[Annotator "ChessBase"]
[PlyCount "45"]
[EventDate "2021.12.17"]
[EventType "swiss"]
[EventCountry "POL"]
[SourceTitle "playchess.com"]
[Source "ChessBase"]
[SourceQuality "1"]

1. e4 e6 2. Qe2 c5 3. Nf3 Nc6 4. g3 g6 5. Bg2 Bg7 6. O-O d6 7. d3 Nge7 8. Nc3
a6 9. h4 h5 10. Bg5 b5 11. Rae1 Qb6 12. Nd5 exd5 13. exd5 O-O 14. dxc6 Nxc6 15.
c3 Bg4 16. Qd2 b4 17. Bh6 Rae8 18. Bxg7 Kxg7 19. Ng5 Bd7 20. Rxe8 Bxe8 21. Re1
bxc3 22. bxc3 Bd7 23. Bd5 *

[Event "European Blitz Championship 2021"]
[Site "Katowice"]
[Date "2021.12.17"]
[Round "20"]
[White "Klekowski, Maciej"]
[Black "Duda, Jan-Krzysztof"]
[Result "*"]
[WhiteElo "2499"]
[BlackElo "2756"]
[Annotator "TA"]
[PlyCount "41"]
[EventDate "2021.12.17"]
[EventType "swiss"]
[EventCountry "POL"]
[SourceTitle "playchess.com"]
[Source "ChessBase"]
[SourceQuality "1"]

1. c4 Nf6 2. Nc3 e6 3. Nf3 d5 4. e3 c5 5. cxd5 exd5 6. d4 Nc6 7. Bb5 Bg4 8. h3
Bh5 9. g4 Bg6 10. Ne5 Rc8 11. h4 cxd4 12. exd4 Bb4 13. Bxc6+ bxc6 14. h5 Be4
15. f3 O-O 16. fxe4 Nxe4 17. Bd2 Bxc3 18. bxc3 f6 19. Nd3 f5 20. g5 f4 21. Qf3
*

[Event "European Blitz Championship 2021"]
[Site "Katowice"]
[Date "2021.12.17"]
[Round "20"]
[White "Schneider, Ilja"]
[Black "Bjerre, Jonas"]
[Result "*"]
[WhiteElo "2486"]
[BlackElo "2201"]
[Annotator "ChessBase"]
[PlyCount "24"]
[EventDate "2021.12.17"]
[EventType "swiss"]
[EventCountry "POL"]
[SourceTitle "playchess.com"]
[Source "ChessBase"]
[SourceQuality "1"]

1. d4 Nf6 2. Bg5 Ne4 3. Bf4 d5 4. e3 c5 5. Bd3 Nc6 6. Bxe4 dxe4 7. d5 Nb4 8.
Nc3 Bf5 9. a3 Na6 10. Nge2 g6 11. h3 Bg7 12. Qd2 h5 *

[Event "European Blitz Championship 2021"]
[Site "Katowice"]
[Date "2021.12.17"]
[Round "20"]
[White "Papasimakopoulos, Alexandros"]
[Black "Hasterok, Mateusz"]
[Result "*"]
[WhiteElo "2394"]
[BlackElo "2132"]
[Annotator "NA"]
[PlyCount "32"]
[EventDate "2021.12.17"]
[EventType "swiss"]
[EventCountry "POL"]
[SourceTitle "playchess.com"]
[Source "ChessBase"]
[SourceQuality "1"]

1. d4 Nf6 2. c4 e6 3. Nc3 Bb4 4. Qc2 d5 5. cxd5 exd5 6. Bg5 c5 7. dxc5 h6 8.
Bh4 g5 9. Bg3 Ne4 10. e3 Bf5 11. Bd3 Qa5 12. Nge2 Nxc3 13. Bxf5 Ne4+ 14. Kf1
Nxg3+ 15. hxg3 Qxc5 16. Qd3 Qc4 *

[Event "European Blitz Championship 2021"]
[Site "Katowice"]
[Date "2021.12.17"]
[Round "20"]
[White "Gdanski, Jacek"]
[Black "Stanisz, Patryk"]
[Result "*"]
[WhiteElo "2367"]
[BlackElo "2158"]
[Annotator "NA"]
[PlyCount "28"]
[EventDate "2021.12.17"]
[EventType "swiss"]
[EventCountry "POL"]
[SourceTitle "playchess.com"]
[Source "ChessBase"]
[SourceQuality "1"]

1. e4 c5 2. Nc3 Nc6 3. Nf3 Nf6 4. Bb5 Nd4 5. e5 Nxb5 6. Nxb5 Nd5 7. Ng5 e6 8.
Ne4 Be7 9. Nbd6+ Kf8 10. c4 Nb4 11. Qh5 Nd3+ 12. Kf1 Bxd6 13. exd6 f5 14. Ng5
g6 *

[Event "European Blitz Championship 2021"]
[Site "Katowice"]
[Date "2021.12.17"]
[Round "20"]
[White "Piesik, Piotr"]
[Black "Grzesik, Gracjan"]
[Result "*"]
[WhiteElo "2336"]
[BlackElo "2208"]
[Annotator "NA"]
[PlyCount "55"]
[EventDate "2021.12.17"]
[EventType "swiss"]
[EventCountry "POL"]
[SourceTitle "playchess.com"]
[Source "ChessBase"]
[SourceQuality "1"]

1. Nf3 Nf6 2. g3 e6 3. Bg2 d5 4. O-O b5 5. d3 Bb7 6. Nbd2 c5 7. e4 Nc6 8. c3
Be7 9. Re1 O-O 10. e5 Nd7 11. Nf1 c4 12. d4 b4 13. h4 bxc3 14. bxc3 Qa5 15. Bd2
Rab8 16. Qc2 h6 17. g4 Ba6 18. g5 hxg5 19. Nxg5 Bxg5 20. Bxg5 Qa3 21. Rab1 Rxb1
22. Rxb1 Rb8 23. Rxb8+ Ncxb8 24. h5 Bb5 25. Bc1 Qa4 26. Qb2 Nb6 27. Ne3 Be8 28.
Qd2 *

[Event "European Blitz Championship 2021"]
[Site "Katowice"]
[Date "2021.12.17"]
[Round "20"]
[White "Janaszak, Dawid"]
[Black "Walter, Szymon"]
[Result "*"]
[WhiteElo "2328"]
[BlackElo "2277"]
[Annotator "NA"]
[PlyCount "45"]
[EventDate "2021.12.17"]
[EventType "swiss"]
[EventCountry "POL"]
[SourceTitle "playchess.com"]
[Source "ChessBase"]
[SourceQuality "1"]

1. e4 c5 2. Nc3 Nc6 3. Bb5 Nd4 4. Nf3 e6 5. O-O a6 6. Bd3 Nxf3+ 7. Qxf3 Ne7 8.
b3 Nc6 9. Qg3 g6 10. e5 Bg7 11. f4 d5 12. exd6 Qxd6 13. Bb2 O-O 14. Ne4 Qe7 15.
Bxg7 Kxg7 16. Rae1 Nd4 17. c3 Nf5 18. Qf2 b6 19. g4 Nh6 20. Qg3 f5 21. Nf2 Bb7
22. g5 Nf7 23. Bc4 *

[Event "European Blitz Championship 2021"]
[Site "Katowice"]
[Date "2021.12.17"]
[Round "20"]
[White "Szpar, Milosz"]
[Black "Tazbir, Marcin"]
[Result "*"]
[WhiteElo "2285"]
[BlackElo "2508"]
[Annotator "ChessBase"]
[PlyCount "40"]
[EventDate "2021.12.17"]
[EventType "swiss"]
[EventCountry "POL"]
[SourceTitle "playchess.com"]
[Source "ChessBase"]
[SourceQuality "1"]

1. e4 c5 2. Nf3 d6 3. d4 Nf6 4. Nc3 cxd4 5. Qxd4 a6 6. e5 Nc6 7. Qa4 dxe5 8.
Nxe5 Bd7 9. Nxd7 Qxd7 10. Be3 e6 11. a3 Rc8 12. Be2 Bd6 13. Rd1 Qc7 14. Qh4 Ne7
15. Qa4+ Nc6 16. Qh4 Be5 17. O-O O-O 18. Bd3 Ne7 19. Bd2 Ng6 20. Qh3 Bf4 *

[Event "European Blitz Championship 2021"]
[Site "Katowice"]
[Date "2021.12.17"]
[Round "20"]
[White "Wieczorek, Oskar"]
[Black "Kowalski, Igor"]
[Result "*"]
[WhiteElo "2258"]
[BlackElo "2276"]
[Annotator "NA"]
[PlyCount "37"]
[EventDate "2021.12.17"]
[EventType "swiss"]
[EventCountry "POL"]
[SourceTitle "playchess.com"]
[Source "ChessBase"]
[SourceQuality "1"]

1. e4 e6 2. d4 d5 3. Nd2 Be7 4. c3 c5 5. exd5 Qxd5 6. Ngf3 Nc6 7. Bc4 Qd8 8.
dxc5 Bxc5 9. O-O Nf6 10. Qe2 Qc7 11. Nb3 Be7 12. Bg5 h6 13. Bh4 O-O 14. Rad1 e5
15. Nbd2 Bg4 16. h3 Bh5 17. g4 Bg6 18. Bg3 Bd6 19. Nh4 *

[Event "European Blitz Championship 2021"]
[Site "Katowice"]
[Date "2021.12.17"]
[Round "20"]
[White "Kowalczyk, Rafal"]
[Black "Kjartansson, Gudmundur"]
[Result "*"]
[WhiteElo "2252"]
[BlackElo "2382"]
[Annotator "NA"]
[PlyCount "37"]
[EventDate "2021.12.17"]
[EventType "swiss"]
[EventCountry "POL"]
[SourceTitle "playchess.com"]
[Source "ChessBase"]
[SourceQuality "1"]

1. e4 c6 2. d4 d5 3. Nc3 dxe4 4. Nxe4 Bf5 5. Ng3 Bg6 6. Nh3 e6 7. Nf4 Bd6 8.
Ngh5 Kf8 9. Qf3 Nf6 10. Nxg6+ hxg6 11. Nxf6 Qxf6 12. Qb3 b6 13. Be3 Bf4 14.
O-O-O Bxe3+ 15. fxe3 Nd7 16. Bc4 b5 17. Bd3 Nb6 18. Rdf1 Qe7 19. Bxg6 *

[Event "European Blitz Championship 2021"]
[Site "Katowice"]
[Date "2021.12.17"]
[Round "20"]
[White "Nemec, Jachym"]
[Black "Grabarczyk, Miroslaw"]
[Result "*"]
[WhiteElo "2126"]
[BlackElo "2279"]
[Annotator "NA"]
[PlyCount "41"]
[EventDate "2021.12.17"]
[EventType "swiss"]
[EventCountry "POL"]
[SourceTitle "playchess.com"]
[Source "ChessBase"]
[SourceQuality "1"]

1. d4 d5 2. c4 e6 3. cxd5 exd5 4. Nc3 c6 5. Nf3 Bd6 6. Bg5 Ne7 7. e3 Bf5 8. Bd3
Bg6 9. Qc2 Nd7 10. Bh4 O-O 11. Bg3 Nf6 12. Bxd6 Qxd6 13. Ne5 Nd7 14. Nxd7 Qxd7
15. O-O Bxd3 16. Qxd3 Nf5 17. Rab1 Nd6 18. b3 Rae8 19. Na4 Re6 20. Nc5 Rg6 21.
Nxd7 *

[Event "European Blitz Championship 2021"]
[Site "Katowice"]
[Date "2021.12.17"]
[Round "20"]
[White "Koziorowicz, Michal"]
[Black "Blohberger, Felix"]
[Result "*"]
[WhiteElo "2094"]
[BlackElo "2490"]
[Annotator "ChessBase"]
[PlyCount "27"]
[EventDate "2021.12.17"]
[EventType "swiss"]
[EventCountry "POL"]
[SourceTitle "playchess.com"]
[Source "ChessBase"]
[SourceQuality "1"]

1. e4 Nf6 2. e5 Nd5 3. Nc3 Nxc3 4. dxc3 d6 5. exd6 Qxd6 6. Bd3 Nc6 7. Nf3 Bg4
8. h3 Bh5 9. Qe2 O-O-O 10. Be3 Bxf3 11. gxf3 e6 12. O-O-O Qe5 13. f4 Qa5 14.
Kb1 *

[Event "European Blitz Championship 2021"]
[Site "Katowice"]
[Date "2021.12.17"]
[Round "20"]
[White "Czerw, Dawid"]
[Black "Kulon, Klaudia"]
[Result "*"]
[WhiteElo "2075"]
[BlackElo "2265"]
[Annotator "NA"]
[PlyCount "54"]
[EventDate "2021.12.17"]
[EventType "swiss"]
[EventCountry "POL"]
[SourceTitle "playchess.com"]
[Source "ChessBase"]
[SourceQuality "1"]

1. d4 Nf6 2. c4 g6 3. Nc3 Bg7 4. g3 O-O 5. Bg2 d6 6. Nf3 Nc6 7. O-O e5 8. dxe5
dxe5 9. Qxd8 Rxd8 10. Bg5 Be6 11. b3 h6 12. Bxf6 Bxf6 13. Rad1 Bg7 14. Nd5 Rac8
15. Nd2 f5 16. e4 Kf7 17. exf5 gxf5 18. Rfe1 Nd4 19. Nf3 Nxf3+ 20. Bxf3 c6 21.
Bh5+ Kf8 22. Nf4 Bf7 23. Ng6+ Ke8 24. Rxd8+ Kxd8 25. h3 Kc7 26. g4 fxg4 27.
hxg4 Re8 *

[Event "European Blitz Championship 2021"]
[Site "Katowice"]
[Date "2021.12.17"]
[Round "20"]
[White "Posluszny, Tomasz"]
[Black "Andersen, Mads"]
[Result "*"]
[WhiteElo "1803"]
[BlackElo "2575"]
[Annotator "ChessBase"]
[PlyCount "46"]
[EventDate "2021.12.17"]
[EventType "swiss"]
[EventCountry "POL"]
[SourceTitle "playchess.com"]
[Source "ChessBase"]
[SourceQuality "1"]

1. d4 d5 2. c4 c6 3. Nc3 Nf6 4. Nf3 e6 5. e3 Nbd7 6. Qc2 Bd6 7. b3 O-O 8. Be2
b6 9. Bb2 Bb7 10. O-O Qe7 11. e4 dxe4 12. Nxe4 Nxe4 13. Qxe4 f5 14. Qc2 c5 15.
Rfe1 cxd4 16. Nxd4 Nc5 17. Bf1 Be4 18. Qd2 Rad8 19. f3 e5 20. Nb5 Nxb3 21. axb3
Bc5+ 22. Nd4 exd4 23. fxe4 fxe4 *

[Event "European Blitz Championship 2021"]
[Site "Katowice"]
[Date "2021.12.17"]
[Round "21.1"]
[White "Schneider, Ilja"]
[Black "Duda, Jan-Krzysztof"]
[Result "0-1"]
[WhiteElo "2486"]
[BlackElo "2756"]
[Annotator "TA"]
[PlyCount "66"]
[EventDate "2021.12.17"]
[EventType "swiss"]
[EventCountry "POL"]
[SourceTitle "playchess.com"]
[Source "ChessBase"]
[SourceQuality "1"]

1. d4 Nf6 2. Bg5 c5 3. Bxf6 gxf6 4. d5 f5 5. c3 d6 6. g3 Nd7 7. Nd2 Nf6 8. Bg2
h5 9. Nh3 h4 10. Nf4 hxg3 11. hxg3 Rxh1+ 12. Bxh1 Bd7 13. Qc2 Qa5 14. Nc4 Qa6
15. Ne3 e6 16. dxe6 fxe6 17. Qb3 d5 18. c4 d4 19. O-O-O O-O-O 20. Nc2 e5 21.
Nd5 e4 22. Nxf6 Qxf6 23. Kb1 Bc6 24. Ne1 Bd6 25. Ng2 Rh8 26. Nh4 f4 27. Qc2
fxg3 28. fxg3 Bxg3 29. Ng2 Qf2 30. a3 a6 31. Ka2 Kb8 32. Qb1 Qxe2 33. Re1 Bxe1
0-1

[Event "European Blitz Championship 2021"]
[Site "Katowice"]
[Date "2021.12.17"]
[Round "21.1"]
[White "Masternak, Grzegorz"]
[Black "Kosakowski, Jakub"]
[Result "0-1"]
[WhiteElo "2188"]
[BlackElo "2340"]
[Annotator "NA"]
[PlyCount "46"]
[EventDate "2021.12.17"]
[EventType "swiss"]
[EventCountry "POL"]
[SourceTitle "playchess.com"]
[Source "ChessBase"]
[SourceQuality "1"]

1. e4 c5 2. Nc3 Nc6 3. g3 g6 4. Bg2 Bg7 5. d3 d6 6. Be3 Rb8 7. Qd2 b5 8. Nge2
b4 9. Nd1 Nd4 10. O-O e6 11. Nc1 Ne7 12. c3 bxc3 13. bxc3 Ndc6 14. Bh6 O-O 15.
Bxg7 Kxg7 16. Ne3 Ba6 17. f4 f5 18. Ne2 d5 19. exd5 exd5 20. Rfe1 Qd6 21. Rab1
Rfe8 22. Nc2 Ng8 23. d4 Rxb1 0-1

[Event "European Blitz Championship 2021"]
[Site "Katowice"]
[Date "2021.12.17"]
[Round "21.2"]
[White "Klekowski, Maciej"]
[Black "Demchenko, Anton"]
[Result "1-0"]
[WhiteElo "2499"]
[BlackElo "2655"]
[Annotator "RC"]
[PlyCount "105"]
[EventDate "2021.12.17"]
[EventType "swiss"]
[EventCountry "POL"]
[SourceTitle "playchess.com"]
[Source "ChessBase"]
[SourceQuality "1"]

1. c4 Nf6 2. Nc3 g6 3. d4 Bg7 4. e4 d6 5. h3 Nbd7 6. Be3 e5 7. d5 Nc5 8. Qc2 a5
9. Nf3 O-O 10. Be2 Bd7 11. Rd1 b6 12. Nd2 Nh5 13. Bxh5 gxh5 14. Nb3 f5 15. exf5
Bxf5 16. Qe2 Qe8 17. Bxc5 bxc5 18. O-O Qg6 19. Kh1 a4 20. Nc1 a3 21. bxa3 e4
22. Nb5 Rf7 23. f4 Raf8 24. Qe3 Bh6 25. Ne2 h4 26. a4 Ra8 27. Nbc3 Bg7 28. Rb1
Kh8 29. Rg1 Bf6 30. a5 h6 31. a4 Rxa5 32. Rb8+ Kh7 33. Qd2 Ra6 34. Qe3 Re7 35.
Rgb1 Qg7 36. Rd1 Ra7 37. Rd2 Qg6 38. Rd1 Ra6 39. Rdb1 Ra5 40. R8b5 Ra8 41. R5b3
Rg8 42. Rg1 Qg7 43. Nb5 Ra8 44. Ra3 Ra5 45. Qd2 Ra8 46. a5 e3 47. Rxe3 Rxe3 48.
Qxe3 Rxa5 49. g4 hxg3 50. Nxg3 Qd7 51. Nxc7 Bd4 52. Nh5 Be4+ 53. Qxe4+ 1-0

[Event "European Blitz Championship 2021"]
[Site "Katowice"]
[Date "2021.12.17"]
[Round "21.2"]
[White "Balacek, Tadeas"]
[Black "Skawinski, Arkadiusz"]
[Result "1-0"]
[WhiteElo "2312"]
[BlackElo "2184"]
[Annotator "NA"]
[PlyCount "37"]
[EventDate "2021.12.17"]
[EventType "swiss"]
[EventCountry "POL"]
[SourceTitle "playchess.com"]
[Source "ChessBase"]
[SourceQuality "1"]

1. d4 d5 2. c4 e6 3. Nf3 Nf6 4. Nc3 c6 5. g3 dxc4 6. Bg2 b5 7. Ne5 Nd5 8. e4
Nxc3 9. bxc3 Bb7 10. O-O Nd7 11. f4 Be7 12. Qg4 O-O 13. f5 Nxe5 14. dxe5 Bc5+
15. Kh1 Re8 16. Bg5 Qc7 17. Bf6 Bf8 18. Bxg7 exf5 19. exf5 1-0

[Event "European Blitz Championship 2021"]
[Site "Katowice"]
[Date "2021.12.17"]
[Round "21.3"]
[White "Teclaf, Pawel"]
[Black "Kovalenko, Igor"]
[Result "1-0"]
[WhiteElo "2543"]
[BlackElo "2668"]
[Annotator "RC"]
[PlyCount "69"]
[EventDate "2021.12.17"]
[EventType "swiss"]
[EventCountry "POL"]
[SourceTitle "playchess.com"]
[Source "ChessBase"]
[SourceQuality "1"]

1. e4 c5 2. Nf3 e6 3. d4 cxd4 4. Nxd4 a6 5. Nd2 e5 6. N4f3 d6 7. Nc4 b5 8. Ne3
Nf6 9. c4 Nbd7 10. cxb5 axb5 11. Bd2 Qb6 12. Qb3 Rb8 13. Ng5 d5 14. Nxd5 Nxd5
15. Qxd5 Qf6 16. Bxb5 Bd6 17. Bxd7+ Bxd7 18. Nxf7 Qxf7 19. Qxd6 Rc8 20. O-O Qf6
21. Qxf6 gxf6 22. Bc3 Ke7 23. f4 Rhg8 24. fxe5 fxe5 25. Rad1 Bc6 26. Rf5 Rg6
27. Rxe5+ Kf7 28. Rf1+ Kg8 29. Re7 Ra8 30. a3 h5 31. g3 h4 32. Rff7 Bxe4 33.
Rh7 Rxg3+ 34. hxg3 Bxh7 35. Rg7+ 1-0